| 000 | 01707nam a22002657a 4500 | ||
|---|---|---|---|
| 003 | UA-OsUOA | ||
| 001 | 95238 | ||
| 007 | ta | ||
| 008 | 20130226b un ||||| |||| 00| 0 ukr d | ||
| 100 | _aЛебідь Є. М. | ||
| 090 |
_a82.09(477) _bЛ70 |
||
| 942 | _cBK | ||
| 040 |
_aUA-OsUOA _bukr _cUA-OsUOA _dUA-OsUOA |
||
| 245 |
_aМетатекст поезії Тараса Шевченка та українська література: давня і нова доба _bмонографія |
||
| 300 | _a171 с. | ||
| 955 | _a1 | ||
| 041 | _aukr | ||
| 080 | _a82.09(477) | ||
| 020 | _a978-966-00-1186-1 | ||
| 520 | 3 | _aЗміст1. Теоретико-методологічні засади дослідження поняття "Метатекст"2. Метаспіввідношення поетичних текстів Т.Шевченка із текстами-попередниками у давній і новій українській літературі3. Метатекстова структура у поетичній творчості Т.Шевченка: | |
| 520 | 3 | _aЗміст1. Теоретико-методологічні засади дослідження поняття "Метатекст"2. Метаспіввідношення поетичних текстів Т.Шевченка із текстами-попередниками у давній і новій українській літературі3. Метатекстова структура у поетичній творчості Т.Шевченка: | |
| 260 |
_aК. _bНаукова думка _c2012 |
||
| 650 | 7 |
_a82 Література. Літературознавство _2UDC |
|
| 999 |
_c381488 _d381488 |
||